| 000 | 00450nam a22001577a 4500 | ||
|---|---|---|---|
| 005 | 20251108165155.0 | ||
| 008 | 250721s1995 xx 000 0 ara d | ||
| 082 | 1 | 4 | _a366.1/عبد |
| 100 | 1 | _aزيتون، عبد الوهاب | |
| 245 | 1 | 0 | _aالماسون والأحداث التي هزت العالم / |
| 264 | 1 |
_aدمشق : _bالمنارة، _c1995. |
|
| 300 | _a319ص | ||
| 650 | 1 | 7 | _aالماسونية |
| 942 |
_2ddc _cBK |
||
| 999 |
_c21289 _d21289 |
||